| 000 | 00619nam a2200253 a 4500 | ||
|---|---|---|---|
| 001 | nice12345678 | ||
| 003 | IN_TiNIC | ||
| 005 | 20260116011342.0 | ||
| 008 | 050524s0000 luca grp 000 0 urd | ||
| 020 |
_a _c6 |
||
| 082 | 0 | 0 |
_a891.4394 _bIKR |
| 100 | _aIkram, Shaikh Mohammad | ||
| 245 | _aGhalib Namah Ya Asar-E-Ghalib | ||
| 260 |
_aLucknow _bIhsan Pook Depo _c0000 |
||
| 300 | _a384p | ||
| 500 | _aincludes index and biblioraphy | ||
| 505 | 2 | _aIndex | |
| 650 | _aGhalib-Poetry | ||
| 650 | _aUrdu-Poetry-ghalib | ||
| 700 | 1 | _aIkram, Shaikh Mohammad | |
| 902 | _bSRS | ||
| 942 | _cBK | ||
| 999 |
_c774 _d774 |
||